ბათუმის შოთა რუსთაველის სახელმწიფო უნივერსიტეტის ბიბლიოთეკა

ჰუმანიტარული მეცნიერებები ინფორმაციულ საზოგადოებაში = Humanities in the information society : (ბიბ.ჩანაწერი № 40026)

000 -ლიდერი
ფიქსირებული სიგრძის საკონტროლო ველი 01394nam a2200265Ia 4500
001 - საკონტროლო ნომერი
საკონტროლო ველი 6632
003 - საკონტროლო ნომრის იდენტიფიკატორი
საკონტროლო ველი GE_BSU
005 - ბოლო ოპერაციის თარიღი და დრო
საკონტროლო ველი 20191209173430.0
008 - ფიქსირებული სიგრძის მონაცემთა ელემენტები - ზოგადი ინფორმაცია
ფიქსირებული სიგრძის საკონტროლო ველი 181216s2009||||ge |||||||||||||| ||geo||
020 ## - წიგნის საერთაშორისო სტანდარტული ნომერი
International Standard Book Number 9789941412622
040 ## - კატალოგიზაციის წყარო
Transcribing agency GE_BSU
041 ## - ენის კოდი
Language code of text/sound track or separate title geo
080 ## - უნივერსალური ათობითი კლასიფიკაციის ინდექსი
Universal Decimal Classification number 009(063) ჰ-95
245 ## - ცნობა სათაურის შესახებ
Title ჰუმანიტარული მეცნიერებები ინფორმაციულ საზოგადოებაში = Humanities in the information society :
Remainder of title საერთაშორისო კონფერენციის მასალები. ტ.2 /
Statement of responsibility, etc რედ. მარინა გიორგაძე.
264 ## - წარმოების, გამოცემის, დისტრიბუციის და სხვა ცნობები
გამოცემის, წარმოების, დისტრიბუციის... ადგილი თბილისი :
გამოცემის, წარმოების, დისტრიბუციის... სახელწოდება შოთა რუსთაველის სახ. უნ-ტის გამ-ბა ,
გამოცემის, წარმოების, დისტრიბუციის... თარიღი 2010.
300 ## - ფიზიკური აღწერა
Extent 591გვ. ;
Other physical details 29 სმ.
520 ## - SUMMARY, ETC.
Summary, etc რეზ. ქართ., ინგლ..
653 ## - INDEX TERM--UNCONTROLLED
Uncontrolled term კონფერენციის მასალები
653 ## - INDEX TERM--UNCONTROLLED
Uncontrolled term
700 ## - ADDED ENTRY--PERSONAL NAME
Personal name ფანჯიკიძე, დ.
Relator term ავტორი
9 (RLIN) 2310
700 ## - ADDED ENTRY--PERSONAL NAME
Personal name ჯანელიძე, ნ.
Relator term ავტორი
9 (RLIN) 2311
700 ## - ADDED ENTRY--PERSONAL NAME
Personal name ნოზაძე, ლ. და სხვ.
Relator term ავტორი
9 (RLIN) 5743
710 ## - ADDED ENTRY--CORPORATE NAME
Corporate name or jurisdiction name as entry element შ. რუსთაველის სახელმწ. უნ-ტი
Subordinate unit ჰუმანიტ. მეცნ. ფაკ-ტი
9 (RLIN) 5744
942 ## - ADDED ENTRY ELEMENTS (KOHA)
Koha item type წიგნი
Source of classification or shelving scheme
ეგზემპლარები
ჩამოწერის სტატუსი დაკარგული ეგზემპლარის სტატუსი კლასიფიკაციის წყარო ან თაროზე გაწყობის სქემა დაზიანების სტატუსი არ გაიცემა მუდმივი მდებარეობა (დაცვის ადგილი) ამჟამინდელი ადგილსამყოფელი თაროზე განთავსების ადგილი შეძენის თარიღი სრული შენახვის შიფრი შტრიხკოდი ბოლო ოპერაციის თარიღი ეგზემპლარის მიმდევრობითი ნომერი (კეტერი?) ფასის ძალაში შესვლის თარიღი ეგზემპლარის სახეობა
          ბათუმის შოთა რუსთაველის სახელმწიფო უნივერსიტეტის მთავარი ბიბლიოთეკა ბათუმის შოთა რუსთაველის სახელმწიფო უნივერსიტეტის მთავარი ბიბლიოთეკა წიგნსაცავი 2018-12-17 009(063) ჰ-95 7010 2018-12-17 7010 2018-12-17 წიგნი